[Event "Heraklion op 24th"]
[Site "Heraklion"]
[Date "2018.09.03"]
[Round "1"]
[White "Dagkonakis, Dimitrios"]
[Black "Bhakti, Kulkarni"]
[Result "0-1"]
[WhiteElo "1274"]
[BlackElo "2295"]
[PlyCount "62"]
[EventDate "2018.09.03"]
[EventType "swiss"]
[EventRounds "9"]
[EventCountry "GRE"]
[SourceTitle "CBM 186 Extra"]
[Source "ChessBase"]
[SourceDate "2018.08.24"]
[SourceVersion "1"]
[SourceVersionDate "2018.08.24"]
[SourceQuality "1"]

1. e4 d5 2. exd5 Qxd5 3. Nc3 Qd6 4. d4 c6 5. Nf3 Nf6 6. h3 Bf5 7. Bd3 Bxd3 8. Qxd3 e6 9. Ne5 Be7 10. Bf4 Qd8 11. 0-0-0 0-0 12. g4 Nbd7 13. Qe2 Nd5 14. Nxd5 cxd5 15. Rdg1 Rc8 16. g5 Nb6 17. h4 Na4 18. Nd3 Qb6 19. Be3 Rc6 20. h5 Rfc8 21. h6 g6 22. Bd2 Rxc2+ 23. Kd1 Nxb2+ 24. Ke1 Qxd4 25. Nxb2 Qxb2 26. f4 Rxd2 27. Qxd2 Bb4 28. Ke2 Qxd2+ 29. Kf3 Rc3+ 30. Kg4 Qe2+ 31. Kh4 Qh5# 0-1